MARC details
| 000 -LEADER |
| fixed length control field |
02199cam a2200385 4500 |
| 001 - CONTROL NUMBER |
| control field |
ABS65682 |
| 008 - FIXED-LENGTH DATA ELEMENTS--GENERAL INFORMATION |
| fixed length control field |
020723n2002 000 0 eng u |
| 035 ## - SYSTEM CONTROL NUMBER |
| System control number |
(Sirsi) u119000 |
| 100 ## - MAIN ENTRY--PERSONAL NAME |
| Personal name |
Cottam, G |
| 245 ## - TITLE STATEMENT |
| Title |
Statutory construction: four years on |
| 260 ## - PUBLICATION, DISTRIBUTION, ETC. |
| Date of publication, distribution, etc. |
2002 |
| 490 ## - SERIES STATEMENT |
| Series statement |
Civil Engineering |
| Volume/sequential designation |
150(2) May 2002, 75-80(6) |
| 520 ## - SUMMARY, ETC. |
| Summary, etc. |
It is nearly four years since the Housing Grants, Construction and Regeneration Act 1996 Part II came into force and with it the automatic right to a 28 day adjudication to settle disputes over payment. This article reports that, despite some rigorous challenges in the courts, the legislation has remained largely in tact and is achieving its key objective of freeing-up cash flow with the construction industry. It concludes that despite the dire predictions made when it was enacted, the Construction Act may well prove to have been the single most beneficial change in UK construction law ever. Case law and references. [Taken from journal headnote] |
| 590 ## - LOCAL NOTE (RLIN) |
| Local note |
ABS |
| 650 ## - SUBJECT ADDED ENTRY--TOPICAL TERM |
| Topical term or geographic name entry element |
HOUSING GRANTS, CONSTRUCTION AND REGENERATION ACT 1996 PART II |
| 650 ## - SUBJECT ADDED ENTRY--TOPICAL TERM |
| Topical term or geographic name entry element |
HOUSING GRANTS, CONSTRUCTION AND REGENERATION ACT 1996 |
| 650 ## - SUBJECT ADDED ENTRY--TOPICAL TERM |
| Topical term or geographic name entry element |
CONSTRUCTION INDUSTRY |
| 650 ## - SUBJECT ADDED ENTRY--TOPICAL TERM |
| Topical term or geographic name entry element |
OUTWING CONSTRUCTION LTD V H RANDELL AND SONS LTD |
| 650 ## - SUBJECT ADDED ENTRY--TOPICAL TERM |
| Topical term or geographic name entry element |
PROJECT CONSULTANCY GROUP V TRUSTEES OF THE GRAY TRUST |
| 650 ## - SUBJECT ADDED ENTRY--TOPICAL TERM |
| Topical term or geographic name entry element |
PALMERS LTD V A B B POWER CONSTRUCTION LTD |
| 650 ## - SUBJECT ADDED ENTRY--TOPICAL TERM |
| Topical term or geographic name entry element |
BOUYGUES UK LTD V DAHL-JENSEN UK LTD |
| 650 ## - SUBJECT ADDED ENTRY--TOPICAL TERM |
| Topical term or geographic name entry element |
DISCAIN PROJECT SERVICES LTD V OPECPRIME DEVELOPMENT LTD |
| 650 ## - SUBJECT ADDED ENTRY--TOPICAL TERM |
| Topical term or geographic name entry element |
GLENCOT DEVELOPMENT AND DESIGN CO LTD V BEN BARRETT AND SON (CONTRACTORS) LTD |
| 650 ## - SUBJECT ADDED ENTRY--TOPICAL TERM |
| Topical term or geographic name entry element |
RAINFORD HOUSE LTD V CADOGAN LTD |
| 650 ## - SUBJECT ADDED ENTRY--TOPICAL TERM |
| Topical term or geographic name entry element |
AUSTIN HALL BUILDING LTD V BUCKLAND SECURITIES LTD |
| 650 ## - SUBJECT ADDED ENTRY--TOPICAL TERM |
| Topical term or geographic name entry element |
MANAGEMENT-DISPUTE AVOIDANCE, MANAGEMENT AND RESOLUTION-DISPUTE MANAGEMENT AND RESOLUTION-ALTERNATIVE DISPUTE RESOLUTION-ADJUDICATION |
| 650 ## - SUBJECT ADDED ENTRY--TOPICAL TERM |
| Topical term or geographic name entry element |
PAYMENT |
| 650 ## - SUBJECT ADDED ENTRY--TOPICAL TERM |
| Topical term or geographic name entry element |
JOHN MOWLEM V HYDRA-TIGHT |
| 650 ## - SUBJECT ADDED ENTRY--TOPICAL TERM |
| Topical term or geographic name entry element |
MACOB CIVIL ENGINEERING LTD V MORRISON CONSTRUCTION LTD |
| 650 ## - SUBJECT ADDED ENTRY--TOPICAL TERM |
| Topical term or geographic name entry element |
BUILT ENVIRONMENT-BUILDING CONTRACT FORMS |
| 690 ## - LOCAL SUBJECT ADDED ENTRY--TOPICAL TERM (OCLC, RLIN) |
| Topical term or geographic name as entry element |
BUILDING AND CONSTRUCTION-LAW |
| 700 ## - ADDED ENTRY--PERSONAL NAME |
| Personal name |
O'Reilly, M |
| 700 ## - ADDED ENTRY--PERSONAL NAME |
| Personal name |
Ryan, E |
| 942 ## - ADDED ENTRY ELEMENTS (KOHA) |
| Suppress in OPAC |
0 |